000 00519nam a22001577a 4500
005 20251108174814.0
008 250721s2009 xx 000 0 ara d
082 1 4 _a306/زرم
100 1 _aزرمان، محمد عبد الله
245 1 0 _aالثقافة العربية الإسلامية و تجربة التفاعل مع الآخر /
264 1 _aإربد :
_bدار الكتاب الثقافي،
_c2009.
300 _a140ص.
650 1 7 _aالثافة العربية
942 _2ddc
_cBK
999 _c118522
_d118522